<?xml version="1.0" encoding="UTF-8"?>
<record
    xmlns:xsi="http://www.w3.org/2001/XMLSchema-instance"
    xsi:schemaLocation="http://www.loc.gov/MARC21/slim http://www.loc.gov/standards/marcxml/schema/MARC21slim.xsd"
    xmlns="http://www.loc.gov/MARC21/slim">

  <leader>01349nam a22002057a 4500</leader>
  <controlfield tag="008">100616t2003    xxu||||gr|||| 000 0 ara d</controlfield>
  <datafield tag="020" ind1=" " ind2=" ">
    <subfield code="a">9773056384</subfield>
  </datafield>
  <datafield tag="082" ind1=" " ind2=" ">
    <subfield code="2">22</subfield>
    <subfield code="a">398.2</subfield>
    <subfield code="b">&#x62C; &#x627; &#x631; </subfield>
  </datafield>
  <datafield tag="100" ind1=" " ind2=" ">
    <subfield code="9">8695</subfield>
    <subfield code="a">&#x627;&#x644;&#x646;&#x62C;&#x627;&#x631; &#x60C; &#x645;&#x62D;&#x645;&#x62F; &#x631;&#x62C;&#x628;</subfield>
  </datafield>
  <datafield tag="245" ind1=" " ind2=" ">
    <subfield code="a">&#x645;&#x646; &#x641;&#x646;&#x648;&#x646; &#x627;&#x644;&#x623;&#x62F;&#x628; &#x627;&#x644;&#x634;&#x639;&#x628;&#x649; &#x641;&#x649; &#x627;&#x644;&#x62A;&#x631;&#x627;&#x62B; &#x627;&#x644;&#x639;&#x631;&#x628;&#x649;  / </subfield>
    <subfield code="c">&#x645;&#x62D;&#x645;&#x62F; &#x631;&#x62C;&#x628; &#x627;&#x644;&#x646;&#x62C;&#x627;&#x631;  .</subfield>
  </datafield>
  <datafield tag="260" ind1=" " ind2=" ">
    <subfield code="a">&#x627;&#x644;&#x642;&#x627;&#x647;&#x631;&#x629;:</subfield>
    <subfield code="b">&#x627;&#x644;&#x647;&#x64A;&#x626;&#x629; &#x627;&#x644;&#x639;&#x627;&#x645;&#x629; &#x644;&#x642;&#x635;&#x648;&#x631; &#x627;&#x644;&#x62B;&#x642;&#x627;&#x641;&#x629;&#x60C;</subfield>
    <subfield code="c">2003.</subfield>
  </datafield>
  <datafield tag="300" ind1=" " ind2=" ">
    <subfield code="a">:240&#x635;</subfield>
    <subfield code="c">&#x61B;24 &#x633;&#x645; </subfield>
    <subfield code="b">&#x623;&#x64A;&#x636;.</subfield>
  </datafield>
  <datafield tag="490" ind1=" " ind2=" ">
    <subfield code="9">14652</subfield>
    <subfield code="a"> &#x61B;&#x645;&#x643;&#x62A;&#x628;&#x629; &#x627;&#x644;&#x62F;&#x631;&#x627;&#x633;&#x627;&#x62A; &#x627;&#x644;&#x634;&#x639;&#x628;&#x64A;&#x629;</subfield>
    <subfield code="v">48.</subfield>
  </datafield>
  <datafield tag="504" ind1=" " ind2=" ">
    <subfield code="a">&#x64A;&#x62D;&#x62A;&#x648;&#x649; &#x639;&#x644;&#x649; &#x625;&#x631;&#x62C;&#x627;&#x639;&#x627;&#x62A; &#x628;&#x628;&#x644;&#x64A;&#x648;&#x62C;&#x631;&#x627;&#x641;&#x64A;&#x629; </subfield>
  </datafield>
  <datafield tag="650" ind1=" " ind2=" ">
    <subfield code="9">17542</subfield>
    <subfield code="a">&#x627;&#x644;&#x623;&#x62F;&#x628; &#x627;&#x644;&#x634;&#x639;&#x628;&#x649; </subfield>
    <subfield code="y">&#x62A;&#x627;&#x631;&#x64A;&#x62E; &#x648; &#x646;&#x642;&#x62F;</subfield>
  </datafield>
  <datafield tag="650" ind1=" " ind2=" ">
    <subfield code="9">17542</subfield>
    <subfield code="a">&#x627;&#x644;&#x623;&#x62F;&#x628; &#x627;&#x644;&#x634;&#x639;&#x628;&#x649; </subfield>
    <subfield code="y">&#x62A;&#x627;&#x631;&#x64A;&#x62E; &#x648; &#x646;&#x642;&#x62F;</subfield>
  </datafield>
  <datafield tag="942" ind1=" " ind2=" ">
    <subfield code="2">ddc</subfield>
    <subfield code="c">BB</subfield>
  </datafield>
  <datafield tag="999" ind1=" " ind2=" ">
    <subfield code="c">14105</subfield>
    <subfield code="d">14105</subfield>
  </datafield>
  <datafield tag="952" ind1=" " ind2=" ">
    <subfield code="0">0</subfield>
    <subfield code="1">0</subfield>
    <subfield code="2">ddc</subfield>
    <subfield code="4">0</subfield>
    <subfield code="7">0</subfield>
    <subfield code="8"> </subfield>
    <subfield code="a">MAIN</subfield>
    <subfield code="b">MAIN</subfield>
    <subfield code="c">1ST</subfield>
    <subfield code="d">2010-06-16</subfield>
    <subfield code="e">purchase</subfield>
    <subfield code="o">398.2 &#x646; &#x62C; &#x627; </subfield>
    <subfield code="p">000020376</subfield>
    <subfield code="r">2025-07-15 00:00:00</subfield>
    <subfield code="y">BB</subfield>
  </datafield>
  <datafield tag="952" ind1=" " ind2=" ">
    <subfield code="0">0</subfield>
    <subfield code="1">0</subfield>
    <subfield code="2">ddc</subfield>
    <subfield code="4">0</subfield>
    <subfield code="7">0</subfield>
    <subfield code="8"> </subfield>
    <subfield code="a">MAIN</subfield>
    <subfield code="b">MAIN</subfield>
    <subfield code="c">1ST</subfield>
    <subfield code="d">2010-06-24</subfield>
    <subfield code="e">purchase</subfield>
    <subfield code="o">398.2 &#x646; &#x62C; &#x627; </subfield>
    <subfield code="p">000021206</subfield>
    <subfield code="r">2025-07-15 00:00:00</subfield>
    <subfield code="s">2011-12-18</subfield>
    <subfield code="y">BB</subfield>
  </datafield>
</record>
